Sports Quiz

Random Sports or World Quiz

World Series Champions Quiz Stats

 Plays Quiz not verified by Sporcle

Challenge
Share
Tweet
Embed
Score 0/105 Timer 05:00
0 Plays Today
Year Team % Correct
1977New York Yankees
99.5%
1947New York Yankees
99.5%
1943New York Yankees
99.5%
1941New York Yankees
99.5%
1932New York Yankees
99.5%
1927New York Yankees
99.5%
2009New York Yankees
99.4%
2000New York Yankees
99.4%
1999New York Yankees
99.4%
1998New York Yankees
99.4%
1996New York Yankees
99.4%
1978New York Yankees
99.4%
1962New York Yankees
99.4%
1953New York Yankees
99.4%
1952New York Yankees
99.4%
1951New York Yankees
99.4%
1950New York Yankees
99.4%
1939New York Yankees
99.4%
1938New York Yankees
99.4%
1937New York Yankees
99.4%
1928New York Yankees
99.4%
1958New York Yankees
99.2%
1956New York Yankees
99.2%
1923New York Yankees
98.9%
1976Cincinnati Reds
98.8%
1936New York Yankees
98.8%
1940Cincinnati Reds
98.7%
1919Cincinnati Reds
98.7%
2007Boston Red Sox
98.4%
2004Boston Red Sox
98.4%
1917Chicago White Sox
98.4%
1916Boston Red Sox
98.4%
1918Boston Red Sox
98.3%
1990Cincinnati Reds
98.2%
1975Cincinnati Reds
98.2%
Year Team % Correct
1949New York Yankees
98.2%
1915Boston Red Sox
98.2%
1912Boston Red Sox
98%
2008Philadelphia Phillies
97.8%
1929Philadelphia Athletics
97.8%
1913Philadelphia Athletics
97.8%
1989Oakland Athletics
97.6%
1961New York Yankees
97.6%
1974Oakland Athletics
97.4%
1973Oakland Athletics
97.4%
1930Philadelphia Athletics
97.4%
1911Philadelphia Athletics
97.4%
2006St. Louis Cardinals
97.1%
1944St. Louis Cardinals
97%
1942St. Louis Cardinals
97%
1981Los Angeles Dodgers
96.9%
1965Los Angeles Dodgers
96.9%
1982St. Louis Cardinals
96.8%
1964St. Louis Cardinals
96.8%
1963Los Angeles Dodgers
96.8%
1959Los Angeles Dodgers
96.8%
1957Milwaukee Braves
96.8%
1995Atlanta Braves
96.5%
1934St. Louis Cardinals
96.5%
1931St. Louis Cardinals
96.5%
1946St. Louis Cardinals
96.4%
1967St. Louis Cardinals
96.3%
1955Brooklyn Dodgers
96.3%
1914Boston Braves
96.3%
2005Chicago White Sox
96%
1972Oakland Athletics
96%
1910Philadelphia Athletics
96%
1980Philadelphia Phillies
95.9%
1906Chicago White Sox
95.6%
1954New York Giants
95.4%
Year Team % Correct
1933New York Giants
95.4%
1926St. Louis Cardinals
95.2%
1969New York Mets
95%
1922New York Giants
95%
1988Los Angeles Dodgers
94.6%
1907Chicago Cubs
94.5%
1921New York Giants
94.2%
1986New York Mets
93.8%
1968Detroit Tigers
93.6%
1945Detroit Tigers
93.6%
1935Detroit Tigers
93.6%
1908Chicago Cubs
93.6%
2003Florida Marlins
93.2%
1997Florida Marlins
93.2%
1984Detroit Tigers
92.8%
1979Pittsburgh Pirates
92.3%
1983Baltimore Orioles
92.1%
1960Pittsburgh Pirates
92.1%
1924Washington Senators
92.1%
1925Pittsburgh Pirates
92%
1970Baltimore Orioles
91.8%
1966Baltimore Orioles
91.7%
1971Pittsburgh Pirates
91.6%
1909Pittsburgh Pirates
91.5%
2001Arizona Diamondbacks
91%
1905New York Giants
90.6%
2002Los Angeles Angels of Anaheim
90.5%
1920Cleveland Indians
89.9%
1985Kansas City Royals
89.8%
1948Cleveland Indians
89.8%
1991Minnesota Twins
88%
1987Minnesota Twins
87.8%
1992Toronto Blue Jays
76.9%
1993Toronto Blue Jays
75.2%
1903Boston Americans
73.3%

You're not logged in!

Compare scores with friends on all Sporcle quizzes.
OR
Log In

You Might Also Like...

Show Comments

Extras

Top Quizzes Today


Score Distribution

Your Account Isn't Verified!

In order to create a playlist on Sporcle, you need to verify the email address you used during registration. Go to your Sporcle Settings to finish the process.

Report this User

Report this user for behavior that violates our Community Guidelines.

Details: